000 01251cam a2200349 i 4500
999 _c64917
_d64917
001 64917
003 Mx-PuUPA
005 20251013161958.0
008 080626s2017 mx a gr 001 0 spa d
020 _a9786079706524
040 _aMx-PuUPA
_bspa
_cMx-PuUPA
_dMx-PuUPA
_erda
041 1 _aspa
_alat
100 1 _aMedina, Jorge,
_q(Medina Delgadillo)
_eautor
_99923
245 1 0 _aThomas Murner: el juego de cartas de lógica /
_ctraducción, introducción y notas de Jorge Medina Delgadillo ; prólogo de Mauricio Beuchot
250 _aPrimera edición
264 1 _aCiudad de México :
_bEditorial Notas Universitarias,
_c2017
300 _axxi, 281 páginas :
_bilustraciones ;
_c24 cm
336 _atexto
_2rdacontent
_btxt
337 _asin medio
_2rdamedia
_bn
338 _avolumen
_2rdacarrier
_bnc
546 _aTexto en latín y español.
600 1 4 _aMurner, Thomas,
_d1475-1537
650 4 _aLógica
700 1 _aMedina, Jorge,
_etraductor
700 1 _a
_eprologuista
_9529
942 _2ddc
_cLI
_h160
_iM488